Music Quiz

Random Music or Alphabet Quiz

Click the Rock Stars A-Z Quiz Stats

 Plays Quiz Updated Dec 19, 2018

Support Sporcle.
Go Orange.
Score 0/25 Timer 06:00
1 Play Today
% Correct
John Lennon
93.7%
Freddie Mercury
93.2%
Steven Tyler
89.8%
Jon Bon Jovi
88.8%
Mick Jagger
85.7%
Ozzy Osbourne
85.5%
Hayley Williams
83%
Angus Young
81.4%
Dave Grohl
79.7%
Stevie Nicks
79.2%
Debbie Harry
78.4%
Bryan Adams
77.2%
Anthony Kiedis
76.1%
% Correct
Rob Zombie
75.4%
Lars Ulrich
69.1%
Robert Plant
69%
Chris Cornell
68.5%
Roger Daltrey
68.2%
Grace Slick
67.7%
Ronnie Van Zant
63.2%
Ronald Isley
59.8%
Dan Reynolds
59.5%
John Fogerty
55.9%
Suzi Quatro
53.4%
Joe Elliott
45.5%

You're not logged in!

Compare scores with friends on all Sporcle quizzes.
OR
Log In
Forgot?

From the Vault

Five Song Frenzy

by Pedro188

Music 7m
'One good thing about music, when it hits you, you feel no pain.' - Bob Marley
Remove Ads.
Support Sporcle.
Get the best of Sporcle when you Go Orange. This ad-free experience offers more features, more stats, and more fun while also helping to support Sporcle. Thank you for becoming a member.

Show Comments

Extras

Top Quizzes Today


Score Distribution

Your Account Isn't Verified!

In order to create a playlist on Sporcle, you need to verify the email address you used during registration. Go to your Sporcle Settings to finish the process.

Report this User

Report this user for behavior that violates our Community Guidelines.

Details: